Ευρωπαϊκή Ολοκλήρωση / Ιστορία - Συνθήκες - Θεσμοί - Διευρύνσεις - Βασικές Πολιτικές (Record no. 4075)
[ view plain ]
| 000 -LEADER | |
|---|---|
| fixed length control field | 02400cam a22001934a 4500 |
| 005 - ΗΜΕΡΟΜΗΝΙΑ ΚΑΙ ΩΡΑ ΤΕΛΕΥΤΑΙΑΣ ΕΝΗΜΕΡΩΣΗΣ | |
| Πεδίο ελέγχου | 20250605164135.0 |
| 008 - FIXED-LENGTH DATA ELEMENTS--GENERAL INFORMATION | |
| Πεδίο ελέγχου σταθερού μήκους | 250528s ||||||||||||||||||||||||d |
| 035 ## - SYSTEM CONTROL NUMBER | |
| System control number | 18759 |
| 020 ## - ISBN | |
| ISBN | 960734457 |
| 040 ## - ΠΗΓΗ ΚΑΤΑΛΟΓΟΓΡΑΦΗΣΗΣ | |
| Φορέας πρωτότυπης καταλογογράφησης | MC Athens Campus Library |
| Γλώσσα καταλογογράφησης | Ελληνικά, Μοντέρνα (1453-) |
| Modifying agency | MC Athens Campus Library |
| Κανόνες περιγραφικής καταλογογράφησης | AACR2 |
| 245 1# - ΤΙΤΛΟΣ ΚΑΙ ΔΗΛΩΣΗ ΥΠΕΥΘΥΝΟΤΗΤΑΣ | |
| Τίτλος | Ευρωπαϊκή Ολοκλήρωση / Ιστορία - Συνθήκες - Θεσμοί - Διευρύνσεις - Βασικές Πολιτικές |
| 260 ## - PUBLICATION, DISTRIBUTION, ETC. | |
| Name of publisher, distributor, etc. | Σύγχρονη Εκδοτική, |
| Date of publication, distribution, etc. | 1996 |
| 300 ## - PHYSICAL DESCRIPTION | |
| Extent | 720 |
| 520 ## - SUMMARY, ETC. | |
| Summary, etc. | Ευρετήριο Συντομογραφιών, Πρόλογος, Ευρώπη: Πεδίον Αιματηρών Συγκρούσεων Αιώνων, Ειρηνευτικές και Ενωτικές Προσπάθειες στην Ευρώπη πρίν και μετά τον Β' Παγκόσμιο Πόλεμο, Η Ευρωπαϊκή Κοινότητα Άνθρακα και Χάλυβα, Η Ευρωπαϊκή Οικονομική Κοινότητα - ΕΟΚ και η Ευρωπαϊκή Κοινότητα Ατομικής Ενέργειας - Ευρατόμ, Η Συνθήκη περί Ιδρύσεως της Ευρωπαϊκής Οικονομικής Κοινότητας - ΕΟΚ, Η Ενιαία Ευρωπαϊκή Πράξη - ΕΕΠ, Η Συνθήκη για την Ευρωπαϊκή Ένωση, Άλλες Κοινοτικές Συνθήκες και Σημαντικές Θεσμικές Αποφάσεις, Οι Διευρύνσεις των Ευρωπαϊκών Κοινοτήτων, Τα Κοινοτικά Όργανα, Από την Ευρωπαϊκή Ζώνη Ελεύθερων Συναλλαγών στον Ευρωπαϊκό Οικονομικό Χώρο, Οι Εξωτερικές Σχέσεις της ΕΟΚ, Η Αρχική Δομή της Κοινής Γεωργικής Πολιτικής - ΚΓΠ, Τα Αποτελέσματα της ΚΓΠ - Κρίσεις και Μεταρρυθμίσεις, Η Νέα Κοινή Γεωργική Πολιτική, Η Κοινή Αλιευτική Πολιτική - ΚΑΠ, Ο Προϋπολογισμός των Ευρωπαϊκών Κοινοτήτων, Η Διαρθρωτική Πολιτική της ΕΟΚ, Η Οικονομική και Νομισματική Ένωση - ΟΝΕ, Περιεχόμενα. |
| 700 1# - ΠΡΟΣΘΕΤΗ ΑΝΑΓΡΑΦΗ--ΦΥΣΙΚΟ ΠΡΟΣΩΠΟ | |
| Personal name | Δασκαλου Γεωργιος Χρ |
| 9 (RLIN) | 5008 |
| 942 ## - ADDED ENTRY ELEMENTS (KOHA) | |
| Koha item type | Books |
| Τύπος τεκμηρίου | Βιβλιοθήκη | Τρέχουσα τοποθεσία | Barcode | Αριθμός εισαγωγής | Ημερομηνία απόκτησης | Ταξιθετικό σύμβολο | Αριθμός αντιτύπου | Κατάσταση απόσυρσης | Κατάσταση χαμένου | Κατάσταση κατεστραμμένου | Μη δανεισμός | Σύνολο δανεισμών | Ημερομηνία τελευταίας εμφάνισης | Η τιμή ισχύει από |
|---|---|---|---|---|---|---|---|---|---|---|---|---|---|---|
| Books | MC Athens Campus Library | MC Athens Campus Library | 9780000040749 | 3668 | 05/06/2025 | 337.142 DAS | 1 | 05/06/2025 | 05/06/2025 |